| 000 | 00525 a2200181 4500 | ||
|---|---|---|---|
| 999 |
_c9498 _d9498 |
||
| 020 | _aNo ISBN | ||
| 050 | 0 | _aKTL449.3 SEY 1953 | |
| 100 | 1 |
_aSeymour, S. M. _eauthor |
|
| 245 | 1 | 0 |
_aNative law in South Africa / _cS. M. Seymour |
| 264 |
_aCape Town : _bJuta & Co. _c1953. |
||
| 300 | _axvii, 280 p. | ||
| 500 | _aIncludes index | ||
| 650 | 0 | _aCustomary law | |
| 650 | 0 |
_aIndigenous peoples _xLegal status, laws, etc. |
|
| 650 | 0 | _aLaw, Primitive. | |
| 942 |
_2lcc _cBK _h449.3 _iSEY _kKTL |
||